<?xml version="1.0" encoding="UTF-8"?>
<record
    xmlns:xsi="http://www.w3.org/2001/XMLSchema-instance"
    xsi:schemaLocation="http://www.loc.gov/MARC21/slim http://www.loc.gov/standards/marcxml/schema/MARC21slim.xsd"
    xmlns="http://www.loc.gov/MARC21/slim">

  <leader>00741nam a22001937a 4500</leader>
  <datafield tag="999" ind1=" " ind2=" ">
    <subfield code="c">178063</subfield>
    <subfield code="d">178063</subfield>
  </datafield>
  <controlfield tag="005">20210315115245.0</controlfield>
  <datafield tag="010" ind1=" " ind2=" ">
    <subfield code="a">UR-11075</subfield>
  </datafield>
  <datafield tag="020" ind1=" " ind2=" ">
    <subfield code="c">300.00</subfield>
    <subfield code="a">9789390579105</subfield>
  </datafield>
  <datafield tag="035" ind1=" " ind2=" ">
    <subfield code="a">U-9630</subfield>
  </datafield>
  <datafield tag="037" ind1=" " ind2=" ">
    <subfield code="b">DBAD/PUB</subfield>
  </datafield>
  <datafield tag="082" ind1=" " ind2=" ">
    <subfield code="a">030</subfield>
  </datafield>
  <datafield tag="100" ind1=" " ind2=" ">
    <subfield code="a">&#x639;&#x628;&#x62F; &#x627;&#x644;&#x633;&#x645;&#x639; &#x635;&#x648; &#x641;&#x6CC; </subfield>
  </datafield>
  <datafield tag="245" ind1=" " ind2=" ">
    <subfield code="a">&#x639;&#x62F; &#x648; &#x6CC; &#x645;&#x639;&#x644;&#x648; &#x645;&#x627; &#x62A; &#x6A9;&#x627; &#x627; &#x646;&#x633;&#x627; &#x6C1;&#x64A;&#x6A9;&#x644;&#x648; &#x67E;&#x64A;&#x688; &#x64A;&#x627; (&#x635;&#x641;&#x631; &#x633;&#x6D2; &#x644;&#x627; &#x62A;&#x646;&#x627; &#x6C1;&#x6CC; &#x62A;&#x6A9; )</subfield>
    <subfield code="c">&#x639;&#x628;&#x62F; &#x627;&#x644;&#x633;&#x645;&#x639; &#x635;&#x648; &#x641;&#x6CC; </subfield>
  </datafield>
  <datafield tag="246" ind1=" " ind2=" ">
    <subfield code="b">A'Adadi Maloomaat Ka Encyclopedia (Sifar Se Lamutanahi Tak)(Urdu)</subfield>
    <subfield code="a">by Abdus Sami Soofi </subfield>
  </datafield>
  <datafield tag="260" ind1=" " ind2=" ">
    <subfield code="a">N.Delhi </subfield>
    <subfield code="c">2021 &#x621;</subfield>
    <subfield code="b">Applied Books</subfield>
  </datafield>
  <datafield tag="270" ind1=" " ind2=" ">
    <subfield code="a">1739/10,Padodi House,Darya Ganj,</subfield>
    <subfield code="b">New Delhi </subfield>
    <subfield code="e">110002</subfield>
    <subfield code="l">9953630788</subfield>
  </datafield>
  <datafield tag="300" ind1=" " ind2=" ">
    <subfield code="a">304 &#x635; </subfield>
    <subfield code="c">22 Cm(Hb)</subfield>
  </datafield>
  <datafield tag="942" ind1=" " ind2=" ">
    <subfield code="2">ddc</subfield>
    <subfield code="c">UR</subfield>
    <subfield code="h">030</subfield>
    <subfield code="m">&#x639; &#x628; &#x62F; </subfield>
  </datafield>
  <datafield tag="952" ind1=" " ind2=" ">
    <subfield code="0">0</subfield>
    <subfield code="1">0</subfield>
    <subfield code="4">0</subfield>
    <subfield code="7">0</subfield>
    <subfield code="8">NFIC</subfield>
    <subfield code="a">DBAD</subfield>
    <subfield code="b">DBAD</subfield>
    <subfield code="d">2021-03-15</subfield>
    <subfield code="e">DBAD/PUB</subfield>
    <subfield code="g">300.00</subfield>
    <subfield code="l">0</subfield>
    <subfield code="o">030 &#x639; &#x628; &#x62F;</subfield>
    <subfield code="p">U-9630</subfield>
    <subfield code="r">2021-03-15 00:00:00</subfield>
    <subfield code="t">1</subfield>
    <subfield code="v">300.00</subfield>
    <subfield code="w">2021-03-15</subfield>
    <subfield code="y">UR</subfield>
  </datafield>
</record>
